miasta opanowane przez kibiców Zagłębia Sosnowiec - Statystyki

Ogólne statystyki
  • Ten quiz został rozwiązany 157 razy
  • Średni wynik to 7 z 13
Statystyki odpowiedzi
% Odpowiedź % Poprawnych
100% Sosnowiec
99%
100% Dabrowa Górnicza
92%
100% Będzin
88%
100% Czeladź
83%
20% Jaworzno
76%
50% Zawiercie
70%
60% Olkusz
54%
100% Wojkowice
47%
98% Siewierz
46%
100% Łazy
32%
95% Psary
24%
100% Mierzęcice
18%
80% Cieszyn
16%
Nie znaleziono quizów pasujących do podanych kryteriów
Rozkład punktacji
Procent ludzi z każdym wynikiem
Percentyl według liczby udzielonych odpowiedzi
Twoja historia wyników
Nie rozwiązałeś tego quizu